000 00346nam a2200157Ia 4500
008 210210b1953 xxu||||| |||| 00| 0 eng d
041 _aeng
082 _a823/372
100 _aSHAKESPEARE (William)
245 _aRichard II
260 _aMadras
_b-
_c1953
650 _aRichard
650 _aII
690 _aEnglish Drama
906 _a013916
999 _c132987
_d132987